000 01046nam a22003017a 4500
003 CHAP
005 20220329135319.0
008 971013s1986 r 00010 d
010 _a34244
011 _a35216
035 _a39332
040 _cCHAP
090 _aFolleto 10000
100 0 0 _aLuna Alvarez, Rafael.
_969015
245 _aDeducción de las formulas del interés compuesto para el cálculo de la posibilidad anual en bosques de coníferas y análisis de recuperación de volúmnes
260 _a(s.l. :
_bs.e.),
_c1986
300 _a28 h.
590 _aBATCH-UPD
_b10
_c20130110
_lUCH01
_h2151
590 _aBATCH-UPD
_b10
_c20130410
_lUCH01
_h1459
590 _aBATCH-UPD
_b10
_c20130914
_lUCH01
_h0711
590 _aCONVERSION
_b10
_c20130109
_lUCH01
_h1319
650 1 4 _aBosques
_xIncrementos.
_914234
650 1 4 _aTablas de volúmenes y rendimientos.
_9111296
901 _aBK
942 _cFOLL
949 _aFolleto 10000
_bBC
_cFOLL
_d-89697
_eTS1
_i39332
_mD
_si
949 _aFolleto 10000
_bBC
_cFOLL
_d-89698
_eTS2
_fc.2
_i39332
_mD
_si
999 _c34244
_d34244